<?xml version="1.0" encoding="UTF-8"?>
<marc:record xmlns:marc="http://www.loc.gov/MARC21/slim">
   <marc:leader>00000nam a2200000 a 4500</marc:leader>
   <marc:datafield ind1="1" ind2=" " tag="100">
      <marc:subfield code="a">Scharff-Kniemeyer, Marlis</marc:subfield>
      <marc:subfield code="4">aut</marc:subfield>
      <marc:subfield code="e">Verfasser/-in</marc:subfield>
   </marc:datafield>
   <marc:datafield ind1=" " ind2=" " tag="653">
      <marc:subfield code="a">Anthologie</marc:subfield>
   </marc:datafield>
   <marc:datafield ind1=" " ind2=" " tag="653">
      <marc:subfield code="a">Kindersachbuch</marc:subfield>
   </marc:datafield>
   <marc:datafield ind1=" " ind2=" " tag="653">
      <marc:subfield code="a">Gesang</marc:subfield>
   </marc:datafield>
   <marc:datafield ind1=" " ind2=" " tag="653">
      <marc:subfield code="a">Fingerspiel</marc:subfield>
   </marc:datafield>
   <marc:datafield ind1=" " ind2=" " tag="653">
      <marc:subfield code="a">Kinderlied</marc:subfield>
   </marc:datafield>
   <marc:datafield ind1=" " ind2=" " tag="653">
      <marc:subfield code="a">Kinderreim</marc:subfield>
   </marc:datafield>
   <marc:datafield ind1="0" ind2="0" tag="245">
      <marc:subfield code="a">Lieder, Reime, Fingerspiele</marc:subfield>
   </marc:datafield>
   <marc:datafield ind1="0" ind2="0" tag="245">
      <marc:subfield code="b">Bilderbuch mit CD ab 3 Jahren</marc:subfield>
   </marc:datafield>
   <marc:datafield ind1=" " ind2="1" tag="264">
      <marc:subfield code="b">Ravensburger Buchverl.</marc:subfield>
      <marc:subfield code="c">2013</marc:subfield>
   </marc:datafield>
   <marc:datafield ind1="1" ind2=" " tag="520">
      <marc:subfield code="a">Klappentext: Eltern und Erzieher finden hier ein vielfältiges Angebot, mit dem sie die Sprachfähigkeit und Motorik von Kindergarten- und Schulkindern spielerisch fördern können. Zusammen mit der CD ist das Produkt ein ideales Paket zum Anhören und Nachsingen bzw. Nachspielen.  Über den Autor und weitere Mitwirkende Marlis Scharff-Kniemeyer wurde in Kronberg/Taunus geboren. Sie besuchte zunächst eine Fotoschule im Taunus, bevor sie 1973 ihr Studium an der Hochschule für Gestaltung in Offenbach aufnahm. Seit 1980 arbeitet Marlis Scharff-Kniemeyer als freie Grafikerin. Seitdem 1985 das erste von ihr illustrierte Kinderbuch im Ravensburger Verlag erschien, arbeitet sie ausschließlich im Bereich Kinderbuchillustration.</marc:subfield>
   </marc:datafield>
   <marc:datafield ind1="3" ind2=" " tag="024">
      <marc:subfield code="a">9783473553549</marc:subfield>
   </marc:datafield>
</marc:record>
